Quizzes
Events
Quiz Creation
Community
Videos
Private Events
Remove Ads
Sign In
Join for FREE
Feedback
Dark Mode
Quiz Categories
Sports
Geography
Music
Movies
Television
Just For Fun
Miscellaneous
History
Literature
Language
Science
Gaming
Entertainment
Religion
Holiday
For Kids
Quiz Lab
Recent
Popular Today
Quiz Kudos Today
Editor Picks
Curator Picks
Quizzes by...
Day
Popularity
Type
Ratings
Length
Year
Community
Subscriptions
Recent Discussions
Orange Saloon
Badges
Playlists
Quests
Create
Leaderboards
Showdown
Live 5
Trivia Bingo
Activity
Puzzle Library
Sporcle Events
Private Events
Virtual Trivia
Globe League
Become a Host
Pub Owners
SporcleCon
Opinionation
Our Games
Videos
Blog
Mobile Apps
Partnerships
Remove Ads and Go Orange
Feedback
Sports
Athletes
MLB
NBA
NHL
NFL
Soccer
Sports Teams
WWE
NCAA
Football
Premier League
Basketball
Baseball
Hockey
Golf
Tennis
Cricket
Rugby
Auto Racing
Olympics
World Cup
Sports
Athletes
MLB
NBA
NHL
NFL
Soccer
Sports Teams
WWE
NCAA
Football
Premier League
Basketball
Baseball
Hockey
Golf
Tennis
Cricket
Rugby
Auto Racing
Olympics
World Cup
Random Quiz
Search Sporcle
×
Quiz Lab
Quiz Lab
Sports
MLB
Type in answers that appear in a list
Type in answers that appear in a list
Classic
Best Score? Go Orange.
Most Games Played - NL Catchers (2000s) Stats
Can you name the National League team leaders in most games played at catcher each season from 2000-2009?
By
ironsij0287
10m
161 Questions
529 Plays
529 Plays
529 Plays
Comments
Comments
Give Quiz Kudos
Give Quiz Kudos
-
- Ratings
hide this ad
Replay
Link that replays current quiz
Next Quiz
Link to next quiz in quiz playlist
You Got
0%
They Got
Avg Score
65%
Avg Friend Score
Upgrade to see
Score Distribution
Jump to the score distribution portion of the page
Score
0/161
Timer
10:00
0
Plays Today
Team
Catcher
% Correct
San Francisco Giants
Bengie Molina
95.3%
San Francisco Giants
Bengie Molina
95.3%
San Francisco Giants
Bengie Molina
95.3%
St. Louis Cardinals
Yadier Molina
95.3%
St. Louis Cardinals
Yadier Molina
95.3%
St. Louis Cardinals
Yadier Molina
95.3%
St. Louis Cardinals
Yadier Molina
95.3%
St. Louis Cardinals
Yadier Molina
95.3%
New York Mets
Mike Piazza
93.2%
New York Mets
Mike Piazza
93.2%
New York Mets
Mike Piazza
93.2%
New York Mets
Mike Piazza
93.2%
San Diego Padres
Mike Piazza
93.2%
Atlanta Braves
Javy Lopez
92.6%
Atlanta Braves
Javy Lopez
92.6%
Atlanta Braves
Javy Lopez
92.6%
Atlanta Braves
Javy Lopez
92.6%
Atlanta Braves
Brian McCann
91.7%
Atlanta Braves
Brian McCann
91.7%
Atlanta Braves
Brian McCann
91.7%
Atlanta Braves
Brian McCann
91.7%
Milwaukee Brewers
Jason Kendall
88.7%
Milwaukee Brewers
Jason Kendall
88.7%
Pittsburgh Pirates
Jason Kendall
88.7%
Pittsburgh Pirates
Jason Kendall
88.7%
Pittsburgh Pirates
Jason Kendall
88.7%
Pittsburgh Pirates
Jason Kendall
88.7%
Pittsburgh Pirates
Jason Kendall
88.7%
Los Angeles Dodgers
Russell Martin
88.5%
Los Angeles Dodgers
Russell Martin
88.5%
Los Angeles Dodgers
Russell Martin
88.5%
Los Angeles Dodgers
Russell Martin
88.5%
Houston Astros
Brad Ausmus
88.1%
Houston Astros
Brad Ausmus
88.1%
Houston Astros
Brad Ausmus
88.1%
Houston Astros
Brad Ausmus
88.1%
Houston Astros
Brad Ausmus
88.1%
Houston Astros
Brad Ausmus
88.1%
Houston Astros
Brad Ausmus
88.1%
Houston Astros
Brad Ausmus
88.1%
Chicago Cubs
Geovany Soto
86.2%
Chicago Cubs
Geovany Soto
86.2%
Florida Marlins
Ivan Rodriguez
83.7%
Houston Astros
Ivan Rodriguez
83.7%
Philadelphia Phillies
Carlos Ruiz
83.7%
Philadelphia Phillies
Carlos Ruiz
83.7%
Philadelphia Phillies
Carlos Ruiz
83.7%
Colorado Rockies
Charles Johnson
82.6%
Colorado Rockies
Charles Johnson
82.6%
Florida Marlins
Charles Johnson
82.6%
Florida Marlins
Charles Johnson
82.6%
Florida Marlins
Paul Lo Duca
81.1%
Los Angeles Dodgers
Paul Lo Duca
81.1%
Los Angeles Dodgers
Paul Lo Duca
81.1%
Team
Catcher
% Correct
Los Angeles Dodgers
Paul Lo Duca
81.1%
Los Angeles Dodgers
Paul Lo Duca
81.1%
New York Mets
Paul Lo Duca
81.1%
New York Mets
Paul Lo Duca
81.1%
Philadelphia Phillies
Mike Lieberthal
76.2%
Philadelphia Phillies
Mike Lieberthal
76.2%
Philadelphia Phillies
Mike Lieberthal
76.2%
Philadelphia Phillies
Mike Lieberthal
76.2%
Philadelphia Phillies
Mike Lieberthal
76.2%
Philadelphia Phillies
Mike Lieberthal
76.2%
San Diego Padres
Ramon Hernandez
76%
San Diego Padres
Ramon Hernandez
76%
San Francisco Giants
Mike Matheny
72.6%
St. Louis Cardinals
Mike Matheny
72.6%
St. Louis Cardinals
Mike Matheny
72.6%
St. Louis Cardinals
Mike Matheny
72.6%
St. Louis Cardinals
Mike Matheny
72.6%
St. Louis Cardinals
Mike Matheny
72.6%
Cincinnati Reds
Benito Santiago
71.3%
San Francisco Giants
Benito Santiago
71.3%
San Francisco Giants
Benito Santiago
71.3%
San Francisco Giants
Benito Santiago
71.3%
Chicago Cubs
Michael Barrett
69.9%
Chicago Cubs
Michael Barrett
69.9%
Chicago Cubs
Michael Barrett
69.9%
Chicago Cubs
Michael Barrett
69.9%
Washington Nationals
Michael Barrett
69.9%
Washington Nationals
Michael Barrett
69.9%
New York Mets
Brian Schneider
69%
Washington Nationals
Brian Schneider
69%
Washington Nationals
Brian Schneider
69%
Washington Nationals
Brian Schneider
69%
Washington Nationals
Brian Schneider
69%
Washington Nationals
Brian Schneider
69%
Arizona Diamondbacks
Damian Miller
67.5%
Arizona Diamondbacks
Damian Miller
67.5%
Arizona Diamondbacks
Damian Miller
67.5%
Chicago Cubs
Damian Miller
67.5%
Milwaukee Brewers
Damian Miller
67.5%
Milwaukee Brewers
Damian Miller
67.5%
Los Angeles Dodgers
Todd Hundley
65.6%
San Diego Padres
Nick Hundley
65.6%
San Diego Padres
Nick Hundley
65.6%
Arizona Diamondbacks
Johnny Estrada
64.5%
Atlanta Braves
Johnny Estrada
64.5%
Atlanta Braves
Johnny Estrada
64.5%
Milwaukee Brewers
Johnny Estrada
64.5%
Philadelphia Phillies
Johnny Estrada
64.5%
Cincinnati Reds
Jason LaRue
63.3%
Cincinnati Reds
Jason LaRue
63.3%
Cincinnati Reds
Jason LaRue
63.3%
Cincinnati Reds
Jason LaRue
63.3%
Cincinnati Reds
Jason LaRue
63.3%
Colorado Rockies
Yorvit Torrealba
63.1%
Team
Catcher
% Correct
Colorado Rockies
Yorvit Torrealba
63.1%
Arizona Diamondbacks
Miguel Montero
61.1%
Colorado Rockies
Chris Iannetta
60.1%
Colorado Rockies
Chris Iannetta
60.1%
Pittsburgh Pirates
Ryan Doumit
60.1%
Pittsburgh Pirates
Ryan Doumit
60.1%
Arizona Diamondbacks
Chris Snyder
56.9%
Arizona Diamondbacks
Chris Snyder
56.9%
Arizona Diamondbacks
Chris Snyder
56.9%
Florida Marlins
Miguel Olivo
55.4%
Florida Marlins
Miguel Olivo
55.4%
Arizona Diamondbacks
Rod Barajas
51.8%
New York Mets
Vance Wilson
51.2%
Chicago Cubs
Joe Girardi
45.4%
Chicago Cubs
Joe Girardi
45.4%
Chicago Cubs
Joe Girardi
45.4%
Pittsburgh Pirates
Ronny Paulino
41.4%
Pittsburgh Pirates
Ronny Paulino
41.4%
Cincinnati Reds
David Ross
40.5%
Cincinnati Reds
David Ross
40.5%
Milwaukee Brewers
Eddie Perez
39.9%
Milwaukee Brewers
Henry Blanco
39.3%
Milwaukee Brewers
Henry Blanco
39.3%
Florida Marlins
John Baker
38.9%
Los Angeles Dodgers
Jason Phillips
37.4%
New York Mets
Jason Phillips
37.4%
San Diego Padres
Ben Davis
37.4%
San Diego Padres
Wiki Gonzalez
37.2%
San Francisco Giants
A.J. Pierzynski
35.5%
Cincinnati Reds
Paul Bako
34%
Milwaukee Brewers
Paul Bako
34%
Florida Marlins
Mike Redmond
33.1%
Florida Marlins
Mike Redmond
33.1%
San Diego Padres
Josh Bard
31.9%
Washington Nationals
Josh Bard
31.9%
Cincinnati Reds
Ryan Hanigan
31%
Washington Nationals
Jesus Flores
31%
Florida Marlins
Matt Treanor
29.5%
Milwaukee Brewers
Chad Moeller
28.4%
Colorado Rockies
Brent Mayne
25.7%
New York Mets
Omir Santos
21.2%
Colorado Rockies
Gary Bennett
19.1%
San Diego Padres
Gary Bennett
19.1%
Washington Nationals
Chris Widger
17%
San Francisco Giants
Bobby Estalella
16.1%
Colorado Rockies
JD Closser
15.5%
Pittsburgh Pirates
Humberto Cota
14.7%
Colorado Rockies
Danny Ardoin
14.7%
Colorado Rockies
Ben Petrick
14.6%
Houston Astros
Mitch Meluskey
13.6%
San Francisco Giants
Eliezer Alfonzo
11.5%
San Diego Padres
Tom Lampkin
8.7%
Arizona Diamondbacks
Juan Brito
7.8%
Quiz Playlist
Details
Report
Send in Message
Add To Playlist
Classic:
Type in answers that appear in a list
Quiz Source
Last Updated: Feb 16, 2017
Quiz Scoreboard
CHALLENGE
Sign Up to Join the Scoreboard
Show All
Scores
Hide
Comments
May contain spoilers
Recently Published
One Thing in Common: World Cities II
by knightlancer
Geography
7m
Popular People in 1961
by mucciniale
History
6m
1-10 Letter E Words III
by El_Dandy
Language
2m
More to Explore
Quiz From the Vault
Featured Blog Post
Where Did the Easter Bunny Come From?
hide this ad
You Might Also Like...
Tags
Baseball Quiz
MLB Quiz
2000s
Catcher
Montreal Expos
Washington Nationals
Today's Top Quizzes in Sports
Browse Sports
hide this ad
Today's Top Quizzes in MLB
Browse MLB
Top Contributed Quizzes in Sports
1
Les meilleurs buteurs des matchs entre le PSG et l’OM
2
Les entraîneurs de l'OM et du PSG au 21e siècle
3
FIFA Club World Cup Champions
4
2022 World Cup Stars
5
Name the Premier League winners with different clubs
6
La finale Lions - Afrique du Sud 2021
7
Criteria MLB: Left Handed Sluggers
8
Players with Multiple 50 Home Run Seasons
9
MLB Players with Two .350 Batting Average Seasons
10
MLB Hall of Famer by Rings
Explore More
Trending Topics
Kpop
Disney
NBA
Marvel
Harry Potter
Anime
Crossword
Soccer
Song
Pokémon
Country
NFL
The Office
WWE
Puzzle
hide this ad
More By:
ironsij0287
Quiz
Plays
Rating
Category
Featured
Created
Alphabetical US States
366,608
4.51
Geography
Sep 9, 2009
NBA Western Scoring Leaders (2000s)
315,048
4.60
Sports
Oct 3, 2010
MLB Home Run Leaders (1990s)
260,130
4.51
Sports
Aug 26, 2009
Beers of the World
255,887
4.10
Miscellaneous
Aug 4, 2009
NBA Eastern Scoring Leaders (2000s)
203,040
4.52
Sports
Oct 3, 2010
Go to Creator's Profile
Score Distribution
Quiz Creator Spotlight
ironsij0287
Follow
Send a Message
Quizzes Created
-
Created Quiz Play Count
-
More By This Creator
Popular Quizzes Today
1
Find the US States - No Outlines Minefield
2
Find the Countries of Europe - No Outlines Minefield
3
The Countries of the World
4
Popular People in 1961
5
1-10 Letter E Words III
6
Find the US States
7
One Thing in Common: World Cities II
8
US States
More Sports Quizzes
Scored 50+ Premier League goals for Manchester United
Curator's Pick
Trending Quizzes
Risky Map Clicking: Least Populous States A-Z
1-10 Letter F Words
1-10 Letter G Words
One Thing in Common: United Kingdom
Risky Map Clicking: Biggest States A-Z
Recently Updated
Leaping Animals
pecheneg
Reality TV Shows (A-Z)
bhenderson79
Rickey Henderson's Hall of Fame Teammates
pecheneg
Champions League XIs: Arsenal
pecheneg
Quick Pick: Celebrities in WWE's Hall of Fame
aduchscher
A-Z Keypad Blitz II
pecheneg
Multiple Oscar Actors
pecheneg
Mystery Phrase Blitz: Oscar 'Best Actors'
pecheneg
F. Scott Fitzgerald Novels
LTH
Pick 3 Villains
ddd62291
Trending Topics
NBA
Anime
Harry Potter
Marvel
Crossword
Disney
Kpop
NFL
Song
The Office
Puzzle
Soccer
WWE
Pokémon
Country
Your Account Isn't Verified!
In order to create a playlist on Sporcle, you need to verify the email address you used during registration. Go to your
Sporcle Settings
to finish the process.
Report this User
Report this user for behavior that violates our
Community Guidelines
.
Details:
Send Report
Go to the Sporcle.com Mobile Site →
Comments